Argentina, Chile y Uruguay en la junta ejecutiva del fondo de las Naciones Unidas Para la Infancia. Nueva York - abril 1985

Đã lưu trong:
Chi tiết về thư mục
Tác giả của công ty: UNICEF (Tác giả)
Định dạng: Sách
Ngôn ngữ:Tiếng Tây Ban Nha
Được phát hành: Santiago ICEF 1985
Những chủ đề:
Các nhãn: Thêm thẻ
Không có thẻ, Là người đầu tiên thẻ bản ghi này!

MARC

LEADER 00000nam a2200000 a 4500
001 UCZ7555
003 CL-VaPUC
008 960105e19850000CL |||||||||||||||||spa|d
082 0 4 |a 362.732  |b UNI  |2 21 
110 2 |a UNICEF  |e author  |9 352512 
245 1 0 |a Argentina, Chile y Uruguay en la junta ejecutiva del fondo de las Naciones Unidas Para la Infancia. Nueva York - abril 1985 
300 |a 53 p 
942 |c BK 
945 |d 19960105 00:00:00  |a cmena 
260 |a Santiago  |b ICEF  |c 1985 
650 0 |a Niños  |9 255605 
650 0 |a Derechos del niño  |9 258728 
650 0 |a Problemas sociales  |9 258537 
650 7 |a BIENESTAR DE LA INFANCIA  |2 CL-VaPUC  |9 352513 
650 7 |a BIENESTAR DE LA INFANCIA  |2 CL-VaPUC  |9 352513 
583 |a last modification  |c 19960105 00:00:00  |k Rodrigo Vera 
999 |c 243611  |d 243609 
952 |0 0  |1 0  |4 0  |6 362_732000000000000_UNI_1985  |7 0  |8 P  |9 257314  |a BIBEDU  |b BIBEDU  |c BIBEDU_PB  |d 2019-11-19  |i 1613014  |o 362.732 UNI 1985  |p 1613014  |r 2024-01-25  |w 2019-11-19  |y BK  |k EDU